| 000 | 00824nam a2200241 a 4500 | ||
|---|---|---|---|
| 001 | 1537 | ||
| 003 | BR-CuiBMT | ||
| 005 | 20231214193707.0 | ||
| 008 | 231108s201u rjb 000 0 por d | ||
| 040 |
_aBR-CuiBMT _cBR-CuiBMT |
||
| 080 |
_22007 _a34:336.225 |
||
| 090 |
_a34:336.225 _bX3e |
||
| 100 | 1 | _aXavier, Bianca | |
| 245 | 1 | 0 |
_aExigência e administração tributária / _cBianca Xavier. |
| 260 |
_aRio de Janeiro : _bFGV, _c[201-]. |
||
| 300 |
_a123 p. ; _c29 cm |
||
| 500 | _a"Fascículo elaborado para o curso Pós Graduação em Direito e Controle Externo na Administração Pública." | ||
| 504 | _aInclui bibliografia. | ||
| 610 | 1 |
_aMato Grosso. _bTribunal de Contas do Estado. |
|
| 650 |
_aFinanças públicas _xControle _zBrasil |
||
| 650 |
_aAdministração pública _xControle externo |
||
| 942 |
_2udc _cLV |
||
| 999 |
_c1537 _d1537 |
||